1217 1940 1053 1407 1734 1927 1427 1105 1768 1878 1320 1159 1578 1997 1888 1604 1601 1189 1254 1685 1695 1793 1391 1489 1640 1356 1264 1827 1280 1976 1648 1273 1121 1903 1058 1364 1199 1877 1055 1750 1732 1655 1621 1838 1304 1069 1392 1200 1805 1889 1689 1617 1410 1479 1859 1160 1334 1586 1296 1858 1237 1552 1268 1142 1855 1937 1284 1432 1045 1159 1139 1494 1135 1429 1503 1031 1213 1369 1336 1555 1542 1734 1044 1520 1076 1994 2000 1690 1567 1566 1406 1811 1181 1101 1690 1707 1147 1058 1607 BCNSPRNW ULIB Ver.6.0+V

เปลี่ยนเป็นภาษาไทย

Change to English
 แสดงรายละเอียดบรรณานุกรม
  กลับหน้าหลัก

Brief Record : Get Marc (ISO 2709) : E-mail record : QR code < ปิดหน้าต่าง
LEADER : 00000nam 2200000uu 4500
001    13399111277
003     ULIB
008    110622s2550||||th 000 0 tha d
020    9748283070
050  0 QA76.73^bน658พ
100 0  นิรุธ อำนวยศิลป์
245 00 PHP How - to and Web-based Application Techniques/^cเขียนโดย นิรุธ อำนวยศิลป์
250    พิมพ์ครั้งที่ 2
260    กรุงเพทฯ:^bดวงกมลสมัย,^c2550
300    163 หน้า:^bภาพประกอบ
650  0 PHP
945    ^p179^l0^i18141
995    กัณชพร
999 ^a ใช้งานได้ทุกระบบ
รายการนี้ยังไม่มีแท็ก
คุณยังไม่ได้ล็อกอิน คุณสามารถมีกิจกรรมร่วมกับเว็บไซต์ได้ แต่ต้องล็อกอินก่อน ::
  ล็อกอิน

รายการสื่อสารสนเทศ

ลำดับที่ ประเภท เลขเรียก/บาร์โค้ด สถานที่ สถานะ
- ไม่พบข้อมูล -

รายการใกล้เคียง
    ผู้แต่ง [นิรุธ อำนวยศิลป์]

    หัวเรื่อง [PHP]

BibComment


ยังไม่เคยถูกคอมเมนท์

คอมเมนท์ทรัพยากรรายการนี้
  คอมเมนท์: PHP How to and W..


 Copyright 2026. Bcnsprnw @Library